Name The Country By The Picture #3 - Statistics

General Stats
  • This quiz has been taken 797 times
    794 since last reset
  • The average score is 11 of 15
Answer Stats
Picture Answer % Correct
United States Of America
98%
Egypt
97%
Italy
96%
North Korea
87%
Chile (Easter Island)
86%
South Africa
86%
Spain
84%
Nepal / China
82%
Vatican City
81%
Guatemala
59%
Canada
58%
Qatar
58%
Australia
41%
Bolivia
38%
Samoa
9%
No matching quizzes found
Score Distribution
Percent of People with Each Score
Percentile by Number Answered
Your Score History
You have not taken this quiz since the last reset